| 000 | 00677namaa2200217 i 4500 | ||
|---|---|---|---|
| 001 | 175672 | ||
| 003 | ES-MaACL | ||
| 005 | 20230906215905.0 | ||
| 008 | 101116s1998 sp | |||| ||spa d | ||
| 080 | _a316.346.32-053.9 | ||
| 080 | _a159.922.63 | ||
| 100 | 1 |
_aMiret Magdalena, Enrique. _981583 |
|
| 245 | 1 | 4 |
_aLos mayores _b: cómo son / _cEnrique Miret Magdalena. |
| 260 |
_aMadrid : _bUniversidad de Mayores Experiencia Recíproca, _c[1998] |
||
| 300 |
_a13 p. ; _c24 cm. |
||
| 490 | 1 |
_aColección "Cuadernos UMER" ; _v4 |
|
| 650 | 4 |
_aAncianos. _99807 |
|
| 830 | 0 |
_aColección "Cuadernos UMER" ; _v4 _9189816 |
|
| 852 |
_aES-MaACL _j2303-F-22 |
||
| 999 |
_c175672 _d175672 |
||